|
|
|
|
| LEADER |
00000cac a2200000 a 4500 |
| 001 |
78793 |
| 003 |
Ucuenca |
| 005 |
20230308164740.0 |
| 008 |
000000|1967 ag |||||r|||||||||||spa|| |
| 040 |
|
|
|b spa
|
| 041 |
1 |
|
|a spa
|
| 082 |
0 |
|
|a 330.152
|
| 245 |
|
|
|a Los Fisiócratas
|c Francois Quesnay, Pierre Samuel Dupont de Nemours, Marqués de Mirabeau, Pierre-Paul Mercier de la Riviere y Guillaume Francois Le Tronse
|h imp
|
| 264 |
|
|
|a Buenos Aires
|b Centro Editor de América Latina
|c 1967
|
| 300 |
|
|
|a 278 páginas:
|c 18 cm
|
| 490 |
|
|
|a Letra Firme
|
| 650 |
1 |
0 |
|a Control presupuestario
|9 35094
|
| 700 |
|
|
|9 48365
|a Quesnay, Francois
|
| 700 |
1 |
|
|9 197652
|a Dupont de Nemours, Pierre Samuel
|
| 700 |
1 |
|
|9 197653
|a Mercier de la Riviere, Pierre-Paul
|
| 852 |
|
|
|a UC-CDJBV
|f Compra
|l 1
|m General
|p 00000000
|r 2
|t 78793
|b 0
|d CDRC
|e CDRC
|g 330.152 PRIMER PISO
|z 0000-00-00
|
| 942 |
|
|
|c CR
|0 1
|
| 999 |
|
|
|c 26318
|d 26318
|